CHILDREN’S literature & story-telling
Saved in:
| Format: | Book |
|---|---|
| Language: | English |
| Published: |
James Currey
2015
|
| Tags: |
Add Tag
No Tags, Be the first to tag this record!
|
MARC
| LEADER | 00000nam a22000007a 4500 | ||
|---|---|---|---|
| 008 | 210120b ||||| |||| 00| 0 eng d | ||
| 020 | |a 978-1-84701-132-9 | ||
| 245 | |a CHILDREN’S literature & story-telling |c edited by Ernest N. Emenyonu |e (African literature today 33) |g xiii, 209p. | ||
| 250 | |c Emenyonu, Ernest N | ||
| 260 | |b James Currey |c 2015 |h New York |i 694244 |i 694245 |l PL8010 .C43 |m Children’s’ literature – African –History and criticism |m Children’s literature, African (English) – History and Criticism |m Children’s literature African (French) – History |m Authors, African – 21st century |m Folk literature, African – History and criticism | ||
| 500 | |a “It includes references”. | ||
| 942 | |a lcc |c BK |e O.A.JOHNSON |f 20/1/21 | ||
| 952 | |0 0 |1 0 |2 lcc |4 0 |6 PL8010 C43 |7 0 |9 1280 |a HOL |b HOL |c LP |d 2021-01-20 |l 0 |o PL8010 .C43 |p 2021-0093 |r 2021-01-20 00:00:00 |w 2021-01-20 |y BK | ||
| 952 | |0 0 |1 0 |2 lcc |4 0 |6 PL8010 C43 |7 0 |9 1281 |a ART |b HOL |c LP |d 2021-01-20 |l 0 |o PL8010 .C43 |p 2021-0094 |r 2021-01-20 00:00:00 |w 2021-01-20 |y BK | ||
| 999 | |c 664 |d 664 | ||